[Event "Kazakhstan Cup Open 2020"]
[Site "Almaty"]
[Date "2020.12.18"]
[Round "9.2"]
[White "Makhnev, Denis"]
[Black "Ismagambetov, Anuar"]
[Result "0-1"]
[WhiteElo "2486"]
[BlackElo "2528"]
[Annotator "TA"]
[PlyCount "88"]
[EventDate "2020.12.01"]
[EventType "tourn"]
[EventCountry "KAZ"]
[SourceTitle "playchess.com"]
[Source "ChessBase"]
[SourceQuality "1"]

{[%evp 21,88,32,44,28,46,30,31,25,68,68,71,55,53,55,60,53,68,20,117,149,149,126,140,140,171,171,175,167,198,204,198,95,93,91,88,0,0,0,91,87,77,80,147,140,152,128,218,0,0,0,0,4,123,43,54,52,110,0,0,-410,-274,-29989,-29990,-29990,-29991,-29994,-29995,-29995,-29996]} 1. d4 {Avrukh,B} Nf6 2. c4 g6 3. g3 c5 4. d5 Bg7 5. Nc3 O-O 6. Bg2 d6 7. Nf3 e6 8. O-O exd5 9. cxd5 a6 10. a4 Nbd7 11. Bf4 Qe7 12. Rb1 {Recently 12.Re1 got a lot of attention. A63: Modern Benoni: Fianchetto Variation: 9...Nbd7.} Ng4 13. Bg5 f6 14. Bd2 {[#] White is slightly better.} Nde5 $5 $146 {[%mdl 8] An interesting novelty.} ({Predecessor:} 14... Nge5 15. b4 cxb4 16. Rxb4 Nxf3+ 17. exf3 f5 18. a5 Qd8 19. Qa4 Nc5 20. Qa3 Bd7 {1-0 (40) Avrukh,B (2605)-Eljanov,P (2693) Istanbul 2012 CBM 151 [Avrukh,B]}) 15. b4 $1 b6 16. h3 Nxf3+ 17. exf3 Ne5 18. bxc5 bxc5 19. f4 Nf7 (19... Nc4 $1 $11) 20. a5 $16 Bf5 21. Rb6 $1 Qd7 22. Kh2 Rfb8 23. Na4 $1 Bd3 24. Re1 $1 Re8 {[#]} 25. Re6 $1 {[%mdl 512]} f5 (25... Rxe6 26. dxe6) 26. Qb3 (26. Bc3 $18 {has better winning chances. Strongly threatening Bxg7.} Bxc3 27. Nxc3) 26... Bb5 27. Nc3 {[%cal Rc3b5]} Reb8 28. Na4 ({White should play} 28. Rxb8+ $16 Rxb8 29. Bf1) 28... Rc8 (28... Re8 $11 29. Nc3 Reb8) 29. Nc3 Rcb8 $1 30. Rxb8+ Rxb8 {[#]} 31. Bf1 $1 {[%mdl 512]} Bd4 (31... Kf8 $142) (31... Bxf1 32. Qxb8+) 32. Re1 $1 Bxf2 33. Rb1 Qc7 (33... Qe8 $16) 34. Nxb5 $2 (34. Bxb5 $18 axb5 35. Nxb5) 34... axb5 $11 35. Bxb5 c4 $1 {[%cal Rc4b3]} 36. Qb4 h5 (36... Bd4 $11 {remains equal.}) 37. Kg2 ({Better is} 37. a6 $1 $16) 37... Ba7 {White must now prevent ...Qc5.} 38. Bc3 h4 39. gxh4 ({White should try} 39. Re1 $16) 39... Qe7 $36 {[%mdl 2048] Black has good play.} 40. Re1 $2 {[%mdl 8192]} (40. Qxc4 $11 Qe3 41. Be1) 40... Qxh4 $19 {( -> ...Qf2+)} 41. Rf1 $2 {[#]} (41. Qxc4 $19 Qf2+ 42. Kh1 Qf3+ {[%mdl 64] Double Attack} 43. Kh2) 41... Ng5 $1 {[%mdl 512] Black mates.} 42. fxg5 {[#]} Qe4+ $1 {[%mdl 64] Double Attack} 43. Rf3 Qe2+ 44. Kg3 Bg1 {What a fight!  Weighted Error Value: White=0.54/Black=0.19} 0-1

[Event "Kazakhstan Cup Open 2020"]
[Site "Almaty"]
[Date "2020.12.18"]
[Round "9.3"]
[White "Akhmetov, Ayan"]
[Black "Utegaliyev, Azamat"]
[Result "1/2-1/2"]
[WhiteElo "2438"]
[BlackElo "2496"]
[Annotator "TA"]
[PlyCount "58"]
[EventDate "2020.12.01"]
[EventType "tourn"]
[EventCountry "KAZ"]
[SourceTitle "playchess.com"]
[Source "ChessBase"]
[SourceQuality "1"]

{[%evp 16,58,45,38,45,43,50,39,43,44,62,36,48,56,51,34,30,36,43,46,35,39,41,50,55,49,57,15,26,0,32,29,102,57,100,107,98,82,83,61,58,0,75,0,70]} 1. e4 g6 2. d4 Bg7 3. Nc3 c6 4. Nf3 d6 5. h3 Nf6 6. Be2 O-O 7. O-O Qc7 8. Bf4 Nbd7 9. e5 dxe5 {B08: Pirc Defence: Classical System.} 10. Nxe5 Qb6 11. Nc4 Qd8 {[#] White is slightly better.} 12. Re1 $146 ({Predecessor:} 12. Qd2 Nd5 13. Bh6 Nxc3 14. bxc3 b6 15. Bxg7 Kxg7 16. Ne3 Nf6 17. Bf3 Ba6 18. Rfe1 {½-½ (29) Filippov,A (2637)-Azaladze,S (2419) Nakhchivan 2012}) 12... Nb6 13. Bh2 Be6 14. Ne5 Qc8 15. Qd2 Rd8 16. Qe3 a5 17. Rad1 a4 18. a3 Nfd5 19. Nxd5 Nxd5 20. Qc1 b5 21. c3 Nb6 22. h4 Bb3 (22... f6 $5 {[%cal Rf6e5]} 23. Nf3 Bb3 $11) 23. Rd3 c5 (23... f6 $11 24. Ng4 Be6) 24. Bf3 {[#] Strongly threatening Nc6.} Nd5 25. h5 Bc4 26. hxg6 hxg6 27. Rdd1 ({Reject} 27. Nxc4 bxc4 28. Rdd1 cxd4 $11) 27... Bb3 28. Rd3 Bc4 29. Rdd1 ({Of course not} 29. Nxc4 bxc4 30. Rdd1 cxd4 $11) 29... Bb3 {Weighted Error Value: White=0.15/Black=0.12} 1/2-1/2

[Event "Kazakhstan Cup Open 2020"]
[Site "Almaty"]
[Date "2020.12.18"]
[Round "9.4"]
[White "Kazhgaleyev, Murtas"]
[Black "Jumabayev, Rinat"]
[Result "0-1"]
[WhiteElo "2569"]
[BlackElo "2654"]
[Annotator "TA"]
[PlyCount "132"]
[EventDate "2020.12.01"]
[EventType "tourn"]
[EventCountry "KAZ"]
[SourceTitle "playchess.com"]
[Source "ChessBase"]
[SourceQuality "1"]

{[%evp 19,132,35,45,42,48,30,21,34,47,0,0,0,0,-8,-12,0,0,0,0,-8,3,6,33,40,37,12,11,14,15,0,11,7,23,13,40,39,39,48,45,56,52,33,55,2,2,17,37,44,39,2,66,33,61,0,0,0,0,0,0,0,0,-32,-15,-8,0,0,0,0,0,0,88,86,84,72,66,78,87,92,75,97,57,63,79,8,8,-317,-317,-317,-317,-317,-317,-336,-324,-529,-501,-445,-424,-1329,-1097,-29967,-29969,-29970,-29972,-29977,-29977,-29978,-29979,-29979,-29980,-29980,-29979,-29979,-29976,-29976,-29976]} 1. d4 Nf6 2. Nf3 g6 3. c4 Bg7 4. Nc3 O-O 5. Bg5 d6 6. e3 Nbd7 7. Qc2 c6 8. Be2 h6 9. Bh4 e5 10. O-O g5 11. Bg3 {[%cal Rd4e5] E61: King's Indian: Early deviations for White, including Smyslov System.} Nh5 12. dxe5 Nxg3 13. hxg3 {The position is equal.} dxe5 14. Bd3 (14. Nd2 $14) 14... Nc5 $11 15. Bh7+ Kh8 16. Bf5 Bxf5 17. Qxf5 {[#]} Qd3 $146 ({Predecessor:} 17... Qc8 18. Qc2 a5 19. e4 Qe6 20. b3 f5 21. exf5 Qxf5 22. Qxf5 Rxf5 23. Rae1 a4 24. Ne4 Nxe4 25. Rxe4 axb3 26. axb3 Ra2 27. Rd1 Rb2 {0-1 (27) Novkovic,M (2418)-Brestian,E (2421) Triesen 2000}) 18. Qxd3 Nxd3 19. Rab1 Rfd8 20. g4 e4 21. Nxe4 Nxb2 22. c5 b5 23. Nd6 Rd7 24. Rfc1 Nd3 25. Rc2 a5 26. Nd4 Ne5 27. f3 Bf8 28. N4f5 a4 29. Kf2 Kh7 30. Ke2 Kg6 31. e4 (31. Rh1 $14) 31... f6 32. g3 Rad8 33. Rd1 a3 34. Rd4 Kh7 (34... Rb8 $11) 35. f4 Nxg4 36. Rc3 ({White should try} 36. Rd3 $1 $14) 36... Ra8 37. Nxb5 Rb7 38. Nbd6 Rb2+ 39. Rd2 h5 40. Nd4 gxf4 41. gxf4 Bh6 42. Ne6 h4 43. Rh3 Ne5 $1 {[%mdl 64] [#] Pin} 44. Kd1 {White wants to play Rxb2.} (44. Rxh4 $2 Rxd2+ 45. Kxd2 Nf3+ 46. Kc3 Nxh4 $19) 44... Ra4 (44... Rg8 $11 {keeps the balance.} 45. Rxb2 Rg1+ 46. Kc2 Rg2+ 47. Kc1 Rg1+ 48. Kc2 Rg2+ 49. Kc1 Rg1+ 50. Kc2) 45. Rxb2 $16 ({But not} 45. Rxh4 $2 Rxd2+ 46. Kxd2 Nf3+ 47. Kc2 Nxh4 $19) 45... axb2 46. Kc2 Nc4 {And now ...Rb4 would win.} 47. Kb1 $1 ({Don't go for} 47. Rxh4 $2 Rb4 $19) 47... Rb4 {( -> ...Nd2+)} 48. Nxc4 Rxc4 49. Rxh4 {Hoping for f5.} Rxe4 {[%mdl 4096] Endgame KRB-KRN} 50. Nd8 Kg7 $1 51. Nxc6 (51. Kxb2 $16 {next Kb3 is good for White.} f5 52. Nxc6) 51... Bxf4 $11 52. Ne7 $2 {[%mdl 8192] [#] This move loses the game for White.} (52. Nd8 $11 {and White stays safe.} Kg6 53. Ne6 Rxe6 54. Rxf4) 52... Re1+ $1 $19 53. Kxb2 Bg5 54. Rc4 {Strongly threatening Nd5.} Rxe7 {KRB-KR} 55. c6 {aiming for c7.} Rc7 56. Kb3 $2 (56. Kc3 Be3 57. Kd3) 56... f5 57. Kb4 Be3 58. Kb5 (58. Kc3 $142) 58... Kf6 59. a4 Ke5 {Black mates.} 60. Rh4 f4 61. Rh8 {Cut Off at move 61} Rf7 62. Rh5+ Kd6 63. Rh6+ Kc7 64. Kc4 f3 65. Rh1 f2 66. Rf1 Ba7 {Weighted Error Value: White=0.54/Black=0.08} 0-1

[Event "Kazakhstan Cup Open 2020"]
[Site "Almaty"]
[Date "2020.12.18"]
[Round "9.5"]
[White "Zhalmakhanov, Ramazan"]
[Black "Kostenko, Petr"]
[Result "0-1"]
[WhiteElo "2393"]
[BlackElo "2429"]
[Annotator "TA"]
[PlyCount "66"]
[EventDate "2020.12.01"]
[EventType "tourn"]
[EventCountry "KAZ"]
[SourceTitle "playchess.com"]
[Source "ChessBase"]
[SourceQuality "1"]

{[%evp 11,66,0,14,7,9,5,0,0,17,0,0,7,0,9,28,44,60,64,47,-773,-777,-751,-757,-789,-758,-702,-780,-697,-146,-134,-139,-142,-120,-145,-141,-319,-50,-100,0,0,0,0,0,-145,-109,-1013,-175,-171,-187,-858,-837,-1135,-1088,-983,-957,-29988,-29989]} 1. e4 e6 2. d4 d5 3. Nc3 Nf6 4. Bg5 Bb4 5. e5 h6 6. Bc1 Ne4 7. Qg4 {C12: French: Classical System: McCutcheon Variation.} Kf8 {...c5 is the strong threat.} (7... Nxc3 $6 8. Qxg7 Kd7 9. Bd2 $16) 8. a3 Bxc3+ 9. bxc3 {The position is equal.} Bd7 10. Bd3 Nxc3 11. Nh3 {[#]} c5 $1 {[%mdl 512]} 12. Nf4 (12. dxc5 Bc6) 12... Nc6 {[%cal Bb8c6,Bc6d4,Bd4c2][%mdl 32]} (12... cxd4 $6 13. Nh5 $16) 13. Nh5 $1 Rg8 14. Bh7 Nxd4 {[#]} 15. Bxg8 $146 {[%mdl 8192]} (15. Bxh6 $1 $14 {[%mdl 512]} Nxc2+ (15... gxh6 16. Qxg8+) 16. Kd2 {[%mdl 64] Double Attack} Ne4+ 17. Kc1 (17. Kxc2 Ba4+ 18. Kc1 Qa5 $11)) ({Predecessor:} 15. Bxh6 Nxc2+ 16. Kd2 Ne4+ 17. Kc1 Nxa1 18. Bxg8 Nb3+ 19. Kb2 Qb6 20. Qxg7+ Ke7 21. Bg5+ Nxg5 22. Qxg5+ {½-½ (31) Pirs,M (2523)-Schmid,P (2529) GER email 2017}) 15... Nxc2+ $19 16. Kd2 Ne4+ $1 17. Kxc2 Ba4+ $1 18. Kb1 Qb6+ 19. Bb2 g6 $2 (19... Qb3 $1 $19 {[%cal Rb3d3] is more deadly. ( -> ...Qd3+)} 20. Qxg7+ {[%mdl 64] Double Attack} Ke7 21. Qf6+ (21. Qxf7+ $2 Kd8 $19) 21... Kd7 22. Qxf7+ Kd8 23. Qf8+ Kc7 24. Qd6+ (24. Qe7+ $2 Kb6 $19) 24... Nxd6 25. exd6+ Kxd6) 20. Ra2 $17 {Hoping for Bxf7.} gxh5 21. Qxh5 {[%csl Gg8][%cal Rh5f7]} Kxg8 22. Qxh6 c4 $40 {[%mdl 128] White is in trouble.} ({Resist} 22... Qb3 23. Ka1 $15) 23. f3 $2 {[#]} (23. Ka1 $17) 23... Nc3+ $2 (23... Bc2+ $1 $19 {[%mdl 512]} 24. Kxc2 Qb3+ {[%mdl 64] Double Attack} 25. Kc1 Nc5 26. Qg5+ Kf8 27. Qh6+ Ke8 28. Qh8+ Kd7 29. Qxa8 Qxa2) 24. Ka1 $15 Qb3 (24... Nxa2 $17 25. Qg5+ Kf8 26. Qh6+ Ke7 27. Qf6+ Ke8 28. Qh8+ Ke7 29. Qf6+ Ke8 30. Qh8+ Ke7 31. Qf6+) 25. Qg5+ $11 Kf8 {[%csl Gc3][%cal Rb3a2]} 26. Bxc3 Qxc3+ 27. Rb2 (27. Kb1 $11) 27... Qxa3+ $17 28. Kb1 $2 {[%mdl 8192]} (28. Ra2 $17 Qc3+ 29. Rb2) 28... Qd3+ $2 (28... c3 {[%csl Gc3][%cal Ra3b2]} 29. Qc1 cxb2 30. Qxb2 Qd3+ 31. Ka2 Kg7) 29. Ka1 $19 {[#]} b5 $1 {Threatens to win with ...c3.} 30. h4 $2 (30. Qh6+ Kg8 31. Rc1) 30... c3 31. Rb4 {[#]} c2 $1 {[%cal Rd3a3]} 32. Qh6+ Ke8 {[%cal Rd3a3]} 33. Kb2 Rc8 {Weighted Error Value: White=1.20/Black=0.60} 0-1

[Event "Kazakhstan Cup Open 2020"]
[Site "Almaty"]
[Date "2020.12.18"]
[Round "9.6"]
[White "Aitbayev, Aslan"]
[Black "Khusnutdinov, Rustam"]
[Result "1/2-1/2"]
[WhiteElo "2457"]
[BlackElo "2491"]
[Annotator "TA"]
[PlyCount "108"]
[EventDate "2020.12.01"]
[EventType "tourn"]
[EventCountry "KAZ"]
[SourceTitle "playchess.com"]
[Source "ChessBase"]
[SourceQuality "1"]

{[%evp 11,108,0,0,-26,-18,-16,10,0,0,-18,-27,-9,0,0,0,0,0,-27,-28,-83,0,-56,-38,-65,0,0,1,-90,-91,-224,-27,-36,-19,-6,-10,-8,0,0,0,-19,0,0,0,0,0,-12,0,-6,-6,-5,0,-9,-11,-7,-6,-6,-6,0,0,0,0,-16,-1,-10,-9,-18,16,0,0,0,0,0,36,0,53,0,0,-4,16,10,7,-16,0,-20,-18,-46,-48,-87,0,0,0,0,0,0,0,0,0,0,0]} 1. e4 e6 2. d4 d5 3. e5 c5 4. c3 Qb6 5. Nf3 Nc6 6. Bd3 cxd4 7. O-O $1 {[%mdl 4] outshines the older 7.cxd4. C02: French: Advance Variation.} Bd7 8. Re1 Nh6 {[#]} 9. Qe2 $146 ({Predecessor:} 9. h3 Be7 10. Nbd2 dxc3 11. bxc3 Nf5 12. Rb1 Qc7 13. Nb3 h6 14. Bf4 Qd8 15. g4 {1-0 (25) Mamedov,R (2654)-Bluebaum,M (2672) chess24.com 2020}) 9... Be7 10. Nbd2 dxc3 11. bxc3 O-O 12. Rb1 Qc7 13. Nb3 f6 14. exf6 Rxf6 15. Ng5 (15. Nbd4 $11 {remains equal.}) 15... Nf5 (15... e5 $1 $17 {[%cal Re5e4]} 16. Bxh7+ Kh8) 16. c4 ({Don't blunder} 16. Qh5 $2 h6 $19) (16. Bxf5 $11 Rxf5 17. Nxe6) 16... Rh6 $15 17. h3 {Hoping for Bxf5.} Bxg5 ({Black should play} 17... Rf8 $1 $15 18. Nf3 Rg6) 18. Bxg5 $11 Rg6 19. Bd2 (19. Qd2 $11 dxc4 20. Bxf5) 19... Rf8 $1 $17 20. cxd5 (20. f4 $17 {is a better defense.}) 20... exd5 $2 (20... Rxg2+ $1 $19 21. Kxg2 Nh4+ 22. Kf1 (22. Kh1 $2 Nf3 $19) 22... Qh2 23. Bxh7+ {[%mdl 64] Decoy} (23. Be4 $2 Qxh3+ 24. Kg1 Ne5 $19) 23... Kxh7 24. Qh5+ Kg8 $1 {[%mdl 512]} 25. Qxh4 Qh1+ {[%mdl 64] Double Attack} 26. Ke2 Qf3+ 27. Kf1 Qh1+ 28. Ke2 Qf3+ 29. Kf1 Qh1+) 21. Qh5 Bc8 22. Rbc1 Qf7 {And now ...Rxg2+! would win.} (22... b6 {seems wilder.} 23. a4 Qd6 24. Rxc6 Qxc6 25. Bb4 Rh6) 23. Kh1 $1 Rf6 24. Qxf7+ R6xf7 25. Nc5 Nd6 26. f3 Re8 27. Rxe8+ Nxe8 28. Kg1 Nd6 29. Nb3 Ne5 30. Bf1 Nec4 31. Bc3 Bd7 32. Bd4 b6 33. Bf2 Bc6 34. Rd1 Rd7 35. Nd4 Ba4 36. Re1 Kf7 37. Bd3 g6 38. Ne6 Nf5 39. g4 Ne7 40. Ng5+ Kg8 41. Bd4 {Bf6 is the strong threat.} h6 42. Ne6 {[%mdl 1024] White has compensation.} (42. Bf6 $5 {[%cal Rf6e7]}) 42... Kf7 (42... Rd6 $11) 43. Nf4 ({White should try} 43. g5 $14 hxg5 44. Nxg5+ Kf8 45. Re6) 43... g5 $11 44. Nh5 $1 Bb5 45. f4 {Threatens to win with Rf1.} Nd6 46. Bb1 (46. Bxb5 {is interesting.} Nxb5 47. Bg7 gxf4 48. Bxh6 Ng6 49. Bxf4 Nxf4 50. Nxf4 Nc3 51. a3) 46... Ne4 47. fxg5 hxg5 48. Bxe4 dxe4 49. Bf6 {[#]} Rd5 (49... Ng6 $1 $17 {[%cal Rg6h4] Strongly threatening ...Nh4.} 50. Rxe4 Rd1+ 51. Kf2 Rf1+ 52. Kg3 Rxf6 53. Nxf6 Kxf6) 50. Rxe4 {The position is equal.} Rd1+ 51. Kh2 Rd2+ 52. Kg3 Rd3+ 53. Kh2 Rd2+ 54. Kg3 Rd3+ {Weighted Error Value: White=0.18/Black=0.19} 1/2-1/2